Players with a TD Reception from Drew Brees - Statistics

General Stats
  • This quiz has been taken 198 times
  • The average score is 13 of 66
Answer Stats
Team TDs Answer % Correct
Saints 23 Michael Thomas
95%
Saints 7 David Thomas
92%
Saints 12 Pierre Thomas
92%
Saints 9 Alvin Kamara
74%
Saints 51 Jimmy Graham
66%
Saints 72 Marques Colston
56%
Saints 6 Mark Ingram
53%
Saints 4 Tre’Quan Smith
53%
Chargers 23 Antonio Gates
49%
Saints 11 Josh Hill
40%
Saints 20 Brandin Cooks
38%
Chargers 6 LaDanian Tomlinson
37%
Saints 12 Reggie Bush
36%
Saints 1 Austin Johnson
33%
Saints 2 Eric Johnson
33%
Saints 6 Ted Ginn
31%
Saints 1 Deuce McAllister
24%
Chargers 1 Freddie Jones
24%
Saints 1 Jamal Jones
24%
Saints 38 Lance Moore
22%
Saints 16 Darren Sproles
21%
Saints 13 Ben Watson
20%
Saints 4 Joe Horn
20%
Saints 17 Devery Henderson
17%
Saints 2 Tommylee Lewis
14%
Saints 7 Willie Snead
14%
Saints 6 Jeremy Shockey
13%
Saints 2 Austin Carr
12%
Saints 25 Robert Meachem
12%
Saints 2 Keith Kirkwood
11%
Saints 8 Kenny Stills
11%
Saints 2 Zach Line
8%
Saints 8 Brandon Coleman
7%
Saints 2 C.J. Spiller
7%
Saints 5 Coby Fleener
7%
Saints 3 Heath Evans
7%
Saints 1 John Kuhn
6%
Chargers 9 Keenan McCardell
6%
Chargers 1 Lorenzo Neal
6%
Saints 3 Billy Miller
5%
Saints 1 Cameron Meredith
5%
Saints 1 Dan Arnold
5%
Chargers 5 Curtis Conway
4%
Chargers 10 Eric Parker
4%
Saints 1 Nick Toon
4%
Chargers 1 Stephen Alexander
4%
Chargers 3 Tim Dwight
4%
Chargers 7 Reche Caldwell
3%
Saints 1 Aaron Stecker
2%
Saints 1 Darnell Dinkins
2%
Chargers 3 David Boston
2%
Saints 4 David Patton
2%
Saints 1 Eric Lorig
2%
Saints 1 Ernie Conwell
2%
Chargers 3 Fred McCrary
2%
Saints 4 Jed Collins
2%
Saints 3 Joe Morgan
2%
Saints 1 John Gilmore
2%
Chargers 2 Josh Norman
2%
Chargers 3 Justin Peelle
2%
Chargers 3 Kassim Osgood
2%
Saints 2 Mark Campbell
2%
Saints 4 Michael Hoomanawanui
2%
Saints 2 Mike Karney
2%
Saints 5 Terrance Cooper
2%
Saints 7 Travaris Cadet
2%
No matching quizzes found
Score Distribution
Percent of People with Each Score
Percentile by Number Answered
Your Score History
You have not taken this quiz